| Tag |
First Indicator |
Second Indicator |
Subfields |
| LEADER |
00000cam a2200000 4500 |
| 001 |
in00000093163 |
| 005 |
20150925085304.0 |
| 008 |
730727s1972 enka 10000 eng |
| 010 |
|
|
|a 73165232
|
| 015 |
|
|
|a B73-02558
|
| 020 |
|
|
|a 0852960913
|
| 035 |
|
|
|a (OCoLC)00694743
|
| 035 |
|
|
|9 AAL1745AM
|
| 040 |
|
|
|a DLC
|c DLC
|d TXA
|d UtOrBLW
|
| 049 |
|
|
|a TXAM
|c [714698]
|
| 050 |
0 |
0 |
|a TK4058
|b .C65 1972
|
| 082 |
0 |
|
|a 621.46/2
|
| 111 |
2 |
|
|a Conference on Electrical Variable Speed Drives
|d (1972 :
|c London)
|
| 245 |
1 |
0 |
|a Conference on Electrical Variable Speed Drives, 10-12 October 1972 [at the] Institution of Electrical Engineers, Savoy Place, London, W.C.2 /
|c organised by the Power Division of the Institution of Electrical Engineers in association with [the] Institute of Electrical and Electronics Engineers, U.K. and Republic of Ireland Section.
|
| 264 |
|
1 |
|a [London] :
|b Institution of Electrical Engineers,
|c 1972.
|
| 300 |
|
|
|a vii, 270 pages :
|b illustrations ;
|c 30 cm.
|
| 336 |
|
|
|a text
|b txt
|2 rdacontent
|
| 337 |
|
|
|a unmediated
|b n
|2 rdamedia
|
| 338 |
|
|
|a volume
|b nc
|2 rdacarrier
|
| 490 |
1 |
|
|a Conference publication, no. 93
|
| 650 |
|
0 |
|a Electric driving
|v Congresses.
|
| 710 |
2 |
|
|a Institution of Electrical Engineers.
|b Power Division.
|
| 830 |
|
0 |
|a Conference publication (Institution of Electrical Engineers) ;
|v no. 93.
|
| 999 |
|
|
|a MARS
|
| 999 |
f |
f |
|s e46f6ee3-6daa-3d7b-b29a-2bf078e5b3d9
|i 2f7d397a-a525-3847-bcc5-2036ae42503e
|t 0
|
| 952 |
f |
f |
|p ric
|a Texas A&M University
|b Rellis Campus
|c Joint Library Facility
|d Remote Storage
|t 0
|e TK4058 .C65 1972
|h Library of Congress classification
|i unmediated -- volume
|m A14805477071
|
| 998 |
f |
f |
|a TK4058 .C65 1972
|t 0
|l Remote Storage
|